Clinical context for evidence-based nursing practice (Record no. 236436)
[ view plain ]
| 000 -LEADER | |
|---|---|
| fixed length control field | 02208nam a2200385 a 4500 |
| 082 04 - DEWEY DECIMAL CLASSIFICATION NUMBER | |
| Classification number | 610.73 |
| 245 00 - TITLE STATEMENT | |
| Title | Clinical context for evidence-based nursing practice |
| 260 ## - PUBLICATION, DISTRIBUTION, ETC. (IMPRINT) | |
| Place of publication | Chichester, West Sussex ; |
| -- | Ames, Iowa : |
| Name of publisher | Blackwell Pub. : |
| -- | Sigma Theta Tau International, |
| Year of publication | 2010. |
| 300 ## - PHYSICAL DESCRIPTION | |
| Number of Pages | xvi, 211 p. : |
| Other physical details | ill. |
| 490 1# - SERIES STATEMENT | |
| Series statement | The evidence-based nursing series |
| 505 0# - FORMATTED CONTENTS NOTE | |
| Formatted contents note | Context: overview and application / Bridie Kent and Brendan McCormack -- Making context work in primary health care / John Rosenberg and Debbie Kralik -- Making context work in acute care / Alison Hutchinson and Tracey Bucknall -- Making context work in paediatrics / Valerie Wilson -- Making context work in the perioperative setting / Victoria M. Steelman -- Midwifery in the context of new and developing technologies / Marlene Sinclair -- Making context work in mental health / Dawn Freshwater and Jane Cahill -- Making context work in aged care / Nadine Janes -- Enabling context with policy / Gill Harvey -- Context in context / Bridie Kent and Brendan McCormack. |
| 650 #0 - SUBJECT ADDED ENTRY--TOPICAL TERM | |
| Topical Term | Evidence-based nursing. |
| Topical Term | Context effects (Psychology) |
| 700 1# - ADDED ENTRY--PERSONAL NAME | |
| Personal name | Kent, Bridie. |
| Personal name | McCormack, Brendan. |
| 856 40 - ELECTRONIC LOCATION AND ACCESS | |
| Uniform Resource Identifier | http://site.ebrary.com/lib/rucke/Doc?id=10518704 |
No items available.
